| 000 | 00482cam a2200181ua 4500 | ||
|---|---|---|---|
| 041 |
_aeng _h |
||
| 082 |
_a614.44 _bSMI/PR |
||
| 100 | _aSmillie, Wilson.G . | ||
| 245 |
_aPreventive Medicine and Public Health / _cG.Wilson Smillie. _hTextual Documents |
||
| 250 |
_a3 / _b. |
||
| 260 |
_aNewyork : _bMacMillan and Company Limited , _c1962. |
||
| 300 | _a602 ; . | ||
| 504 | _a | ||
| 700 | 1 | _aKilbourne, Edwin.D . | |
| 942 | _cBK | ||
| 999 |
_c1270 _d1270 |
||